00325nam a2200109Ia 4500008004100000082000800041100001400049245003400063942000600097952009700103999001500200240331s9999 xx 000 0 und d bBHA aBhasin, K 0aGahanu lamaya yanu kawarekda? cL 001040708LaWERCLbWERCLcSSCd2024-03-31l0o 305.3 BHAp4300r2024-03-31w2024-03-31yL c5563d5563